header

Trees of Western North America / (Record no. 112436)

MARC details
000 -LEADER
fixed length control field 01911nam a2200445 i 4500
001 - CONTROL NUMBER
control field ebr10872417
003 - CONTROL NUMBER IDENTIFIER
control field CaPaEBR
006 - FIXED-LENGTH DATA ELEMENTS--ADDITIONAL MATERIAL CHARACTERISTICS--GENERAL INFORMATION
fixed length control field m o d
007 - PHYSICAL DESCRIPTION FIXED FIELD--GENERAL INFORMATION
fixed length control field cr cn|||||||||
008 - FIXED-LENGTH DATA ELEMENTS--GENERAL INFORMATION
fixed length control field 140528t20142014njuab o 001 0 eng d
020 ## - INTERNATIONAL STANDARD BOOK NUMBER
Cancelled/invalid ISBN 9780691145792
International Standard Book Number 9781400851850 (e-book)
040 ## - CATALOGING SOURCE
Original cataloging agency CaPaEBR
Language of cataloging eng
Description conventions rda
-- pn
Transcribing agency CaPaEBR
035 ## - SYSTEM CONTROL NUMBER
System control number (OCoLC)880058336
043 ## - GEOGRAPHIC AREA CODE
Geographic area code n-usp--
050 14 - LIBRARY OF CONGRESS CALL NUMBER
Classification number QK133
Item number .S645 2014eb
082 04 - DEWEY DECIMAL CLASSIFICATION NUMBER
Classification number 582.160978
Edition number 23
100 1# - MAIN ENTRY--PERSONAL NAME
Personal name Spellenberg, Richard,
Relator term author.
245 10 - TITLE STATEMENT
Title Trees of Western North America /
Statement of responsibility, etc Richard Spellenberg, Christopher J. Earle, and Gil Nelson ; illustrations by David More ; edited by Amy K. Hughes.
264 #1 - PRODUCTION, PUBLICATION, DISTRIBUTION, MANUFACTURE, AND COPYRIGHT NOTICE
Place of production, publication, distribution, manufacture Princeton, New Jersey :
Name of producer, publisher, distributor, manufacturer Princeton University Press,
Date of production, publication, distribution, manufacture, or copyright notice 2014.
Date of production, publication, distribution, manufacture, or copyright notice �2014
300 ## - PHYSICAL DESCRIPTION
Extent 1 online resource (561 pages) :
Other physical details color illustrations, maps.
336 ## - CONTENT TYPE
Content type term text
Source rdacontent
337 ## - MEDIA TYPE
Media type term computer
Source rdamedia
338 ## - CARRIER TYPE
Carrier type term online resource
Source rdacarrier
490 1# - SERIES STATEMENT
Series statement Princeton Field Guides
500 ## - GENERAL NOTE
General note Includes index.
588 ## - SOURCE OF DESCRIPTION NOTE
Source of description note Description based on print version record.
590 ## - LOCAL NOTE (RLIN)
Local note Electronic reproduction. Palo Alto, Calif. : ebrary, 2014. Available via World Wide Web. Access may be limited to ebrary affiliated libraries.
650 #0 - SUBJECT ADDED ENTRY--TOPICAL TERM
Topical term or geographic name as entry element Trees
Geographic subdivision West (U.S.)
Form subdivision Identification.
655 #0 - INDEX TERM--GENRE/FORM
Genre/form data or focus term Electronic books.
700 1# - ADDED ENTRY--PERSONAL NAME
Personal name Earle, Christopher J.,
Relator term author.
Personal name Nelson, Gil,
Relator term author.
Personal name More, David,
Relator term illustrator.
Personal name Hughes, Amy K.,
Relator term editor.
776 08 - ADDITIONAL PHYSICAL FORM ENTRY
Display text Print version:
Main entry heading Spellenberg, Richard.
Title Trees of Western North America.
Place, publisher, and date of publication Princeton, New Jersey : Princeton University Press, c2014
Physical description 560 pages
Series data for related item Princeton field guides.
International Standard Book Number 9780691145792
Record control number 2013950318
797 2# - LOCAL ADDED ENTRY--CORPORATE NAME (RLIN)
Corporate name or jurisdiction name as entry element ebrary.
830 #0 - SERIES ADDED ENTRY--UNIFORM TITLE
Uniform title Princeton field guides.
856 40 - ELECTRONIC LOCATION AND ACCESS
Uniform Resource Identifier <a href="http://site.ebrary.com/lib/rucke/Doc?id=10872417">http://site.ebrary.com/lib/rucke/Doc?id=10872417</a>
Public note An electronic book accessible through the World Wide Web; click to view

No items available.

© 2026 Rongo University
Contact us: librarian | system librarian | Rongo university